000 00594nam a2200205 i 4500
001 41061
003 ES-MaACL
005 20230906160351.0
007 t|
008 030307q1952 sp ||||1| spa d
100 1 _aCarter, Ralph.
_935891
245 1 0 _aNo hay ángeles en la tierra /
_cRalph Carter ; [traducción de Víctor Scholz].
260 _aBarcelona :
_bMateu,
_c[1952?]
300 _a139 p. ;
_c21 cm.
490 1 _aLa hoja perenne
700 1 _aScholz, Víctor.
_9104643
830 0 _aLa hoja perenne
_9181731
852 _aES-MaACL
_jD-8490
_bR.32446
999 _c41061
_d41061